| 000 | 01906cam a2200325 i 4500 | ||
|---|---|---|---|
| 003 | SA-RiAUC | ||
| 005 | 20241015062438.0 | ||
| 008 | 241013s2002 su f f100 0 ara c | ||
| 020 | _a9960880087 | ||
| 040 |
_aSA-RiIMS _bara _cSA-RiAUC _erda |
||
| 043 |
_aa-su--- _af-ua--- |
||
| 050 | 4 | _bN33 2002 | |
| 082 | 0 | 4 |
_a327 _qSA-RiAUC |
| 090 |
_a327 _bن د و |
||
| 111 | 2 |
_aندوة العلاقات السعودية المصرية في عهد خادم الحرمين الشريفين الملك فهد بن عبد العزيز آل سعود _d( 2002 : _cالقاهرة) |
|
| 245 | 1 | 2 |
_aالعلاقات السعودية المصرية في عهد خادم الحرمين الشريفين الملك فهد بن عبد العزيز / _cدارة الملك عبد العزيز، مؤسسة الأهرام. |
| 264 | 1 |
_aالرياض : _bدارة الملك عبد العزيز، _c2002 |
|
| 300 |
_a303 صفحة ؛ _c24 سم |
||
| 336 |
_aنص _btxt _2rdacontent _3كتاب |
||
| 337 |
_aبدون وسيط _bn _2rdamedia |
||
| 338 |
_aمجلد _bnc _2rdacarrier |
||
| 500 | _aبحوث ودراسات ألقيت في الندوة التي عقدتها دارة الملك عبد العزيز بالتعاون مع مؤسسة الأهرام 1 / 12 / 1422 هـ. الموافق 13 / 2 / 2002 م. | ||
| 600 | 1 | 7 |
_aآل سعود، فهد بن عبد العزيز بن عبد الرحمن، _cملك السعودية، _d1340-1426 هجري _2aucnm |
| 651 | 7 |
_aالسعودية _xعلاقات خارجية _zمصر _yفهد بن عبد العزيز، 1402-1426 هجري _vمؤتمرات _2aucsh |
|
| 651 | 7 |
_aمصر _xعلاقات خارجية _zالسعودية _yحسني مبارك، 1981-2011 _vمؤتمرات _2aucsh |
|
| 710 | 2 |
_aمؤسسة الأهرام _eمنظم. |
|
| 710 | 2 |
_aدارة الملك عبد العزيز _eمنظم. |
|
| 942 |
_2ddc _cBOOK _n0 |
||
| 949 |
_aSA-JeALM _d241013 _umohamedma123 _n1 |
||
| 999 |
_c1317 _d1317 |
||